书目信息 |
| 题名: |
凡·高
|
|
| 作者: | 凡·高, , 凡·高 著 | |
| 分册: | ||
| 出版信息: | 上海 上海世界图书出版公司 2004.05 |
|
| 页数: | 80页 | |
| 开本: | 25cm | |
| 丛书名: | 世界经典画家珍藏 | |
| 单 册: | ||
| 中图分类: | J233 , J233(563) | |
| 科图分类: | ||
| 主题词: | 油画--you hua--荷兰--近代--画册 , 画家--hua jia--生平事迹--荷兰--近代 | |
| 电子资源: | ||
| ISBN: | 7-5062-6812-4 | |
| 000 | 01138nam 2200361 450 | |
| 001 | CAL 012004147289 | |
| 005 | 20050613083804.91 | |
| 010 | @a7-5062-6812-4@b精装@dCNY 58.00 | |
| 092 | @aCN@b0001701-278 | |
| 099 | @aCAL 012004147289 | |
| 100 | @a20041231d2004 ekmy0chiy0121 ea | |
| 101 | 1 | @achi@cdut |
| 102 | @aCN@b310000 | |
| 105 | @aa a 000yb | |
| 200 | 1 | @a凡·高@Afan· gao@f凡·高@Ffan·gao |
| 210 | @a上海@c上海世界图书出版公司@d2004.05 | |
| 215 | @a80页@c彩图@d25cm | |
| 225 | 2 | @a世界经典画家珍藏@Ashi jie jing dian hua jia zhen cang |
| 320 | @a有书目 (第80页) | |
| 333 | @a绘画爱好者及普通读者 | |
| 410 | 0 | @12001 @a世界经典画家珍藏 |
| 600 | 1 | @a凡·高, @AFan Gao, @bV.@g(Van Gogh, Vincent), @f1853-1890@x生平事迹 |
| 606 | 0 | @a油画@Ayou hua@y荷兰@z近代@j画册 |
| 606 | 0 | @a画家@Ahua jia@x生平事迹@y荷兰@z近代 |
| 690 | @aJ233@v4 | |
| 690 | @aJ233(563)@v3 | |
| 700 | 0 | @4著 |
| 701 | 1 | @a凡·高,@Afan· gao,@bV.@g(Van Gogh, Vincent),@f1853-1890@4著 |
| 701 | 0 | @a凡·高@Afan·gao |
| 801 | 0 | @aCN@bXMU@c20050613 |
| 905 | @a10447@dJ233(563)@eF053 | |
| 906 | @dCNY58.00@n0@r1 | |
| 998 | @aXMU | |
| 凡·高/凡·高.-上海:上海世界图书出版公司,2004.05 |
| 80页:彩图;25cm.-(世界经典画家珍藏) |
| 使用对象:绘画爱好者及普通读者 |
| ISBN 7-5062-6812-4(精装):CNY 58.00 |
| ● |
| 相关链接 |
|
|
|
正题名:凡·高
索取号:J233(563)/F053
 
预约/预借
| 序号 | 登录号 | 条形码 | 馆藏地/架位号 | 状态 | 备注 |
| 1 | 532453 | 205324530 | 社科库309/ [索取号:J233(563)/F053] | 在馆 |